| 000 | 00842nam a2200253Ia 4500 | ||
|---|---|---|---|
| 003 | OSt | ||
| 005 | 20221002050458.0 | ||
| 006 | a|||||r|||| 00| 0 | ||
| 007 | ta | ||
| 008 | 220930b |||||||| |||| 00| 0 eng d | ||
| 020 | _c400 | ||
| 024 | _a2766 | ||
| 037 |
_b358, 11/01/2013, Eastern Book Linkers _cReference Collections |
||
| 040 |
_aCRL _cCRL _beng |
||
| 041 |
_2eng _aeng |
||
| 082 | _aO15:fn2,N, 111Q0(RR) | ||
| 100 |
_aPataskar Bhagyalata Ed. _9153322 |
||
| 245 | 0 | _aDirectory of the indological research institutes and the vedapathasalas | |
| 260 |
_aNew Delhi _bRashtriya Sanskrit Samsthan _c2010 |
||
| 300 |
_aix, 431p. _ccm. |
||
| 650 | _aSANSKRIT | ||
| 942 |
_hO15:fn2,N, 111Q0(RR) _cref _2CC |
||
| 999 |
_c914674 _d914674 |
||